000 00279nam a2200121Ia 4500
008 190216s9999||||xx |||||||||||||| ||und||
100 _aKakkanadan G V
245 0 _aEzhaam Mudra
260 _bD C Books Kerala
_c1968
300 _a311p
650 _aMalayalam Novel
942 _cBK
999 _c25936
_d25936